| 000 | 01104nam a2200325Ic 4500 | ||
|---|---|---|---|
| 001 | 58488 | ||
| 003 | CO-BoRNBP | ||
| 005 | 20250822224212.0 | ||
| 007 | ta | ||
| 008 | 180815s2016 sp a g 000 0 spa | ||
| 020 | _a9788499928715 | ||
| 040 |
_aCO-BoRNBP _bspa _erda _cCO-BoRNBP |
||
| 041 | _aspa | ||
| 082 | 0 | 4 |
_a303.4 _bD31a |
| 100 | 1 |
_aDiamond, Jared Mason, _d1937- _eaut _963331 |
|
| 245 | 1 | 0 |
_aArmas, gérmenes y acero : _bbreve historia de la humanidad en los últimos trece mil años / _cJared Diamont ; traducción de Fabián Chueca. |
| 250 | _aSegunda edición | ||
| 264 | 1 |
_aBarcelona, España : _bDebate, _c2016 |
|
| 300 |
_a603 páginas : _bilustraciones a blanco y negro, mapas, láminas |
||
| 336 |
_atexto _btxt _2rdacontent |
||
| 337 |
_asin mediación _bn _2rdamedia |
||
| 338 |
_avolumen _bnc _2rdacarrier |
||
| 521 | _aRecomendado para público adulto | ||
| 534 | _tGuns, germs and steel | ||
| 650 | 0 | 7 |
_aCambio social _2lemb |
| 650 | 0 | 7 |
_aHistoria de la civilización _2LEMB _963332 |
| 650 | 0 | 7 |
_aEvolución social _2lemb |
| 700 |
_aChueca, Fabián _963333 |
||
| 942 |
_2ddc _cBK |
||
| 999 |
_c58488 _d58488 |
||